000 01842cam a2200181 4500500
005 20251228064231.0
041 _afre
042 _adc
100 1 0 _aBrunhes, Simone
_eauthor
700 1 0 _aRozenkier, Alain
_eauthor
245 0 0 _aParutions
260 _c2012.
500 _a27
520 _aPour les salariés du secteur privé encore en emploi à l’âge de 60 ans, la durée validée après cet âge augmenterait en moyenne de 0,6 à 0,7 trimestre lorsque la durée requise pour le taux plein augmente de 1 trimestre. Cette élasticité s’avère très proche pour les hommes et pour les femmes, contrairement à ce que semblaient indiquer certaines évaluations récentes. Une nouvelle estimation, exploitant les données administratives des régimes de retraites disponibles dans les échantillons interrégimes de retraités (EIR) et de cotisants (EIC), permet en effet de corriger les biais liés aux erreurs de mesure, source de l’écart apparent selon le sexe.
520 _aAge at retirement and effect of an increase in the required duration of career for full rate We estimate that the average age at retirement for private sector wage-earners increase by 0.6 to 0.7 when the duration of career required by the legislation for a pension at full rate increase by 1. The elasticity is close for men and women, which contradicts results from previous estimations. Our new estimation relies on administrative data, provided by the inter-scheme sample of retired (EIR) and inter-scheme sample of affiliates (EIC). These data allow correcting measurement errors, which induced biases in those previous estimations.
786 0 _nRetraite et société | 62 | 1 | 2012-02-01 | p. 213-219 | 1167-4687
856 4 1 _uhttps://shs.cairn.info/revue-retraite-et-societe1-2012-1-page-213?lang=fr&redirect-ssocas=7080
999 _c1589610
_d1589610